| 000 | 00717nam a2200229 a 4500 | ||
|---|---|---|---|
| 999 |
_c8677 _d8677 |
||
| 001 | 8677 | ||
| 003 | BD-JhCC | ||
| 005 | 20180422183902.0 | ||
| 008 | 180301s1991 bg |||| ||a| 000 0 ben d | ||
| 020 | _a9840725319 | ||
| 035 | _a(BD-JhCC)8677 | ||
| 040 |
_aBD-JhCC _dBD-JhCC |
||
| 041 | _aben | ||
| 082 |
_a615 _bCHA 1991 |
||
| 100 | _aচক্রবর্তী, তপন | ||
| 245 |
_aস্ট্যাণ্ডার্ড মেটিরিয়া মেডিকো / _cতপন চক্রবর্তী (সম্পাদক) |
||
| 260 |
_aঢাকা : _bবাংলা একাডেমী, _c1991. |
||
| 300 |
_a172 p. : _c22 cm. |
||
| 650 | _aClinic | ||
| 942 |
_2ddc _cBK |
||